Cestovní ruch ve světové ekonomice

Postavenie cestovného ruchu vo svetovej ekonomike v roku 1998. Podiel cestovného ruchu na hrubom domácom produkte a celkovej zamestnanosti. Podiel cestovného ruchu na hrubej tvorbe kapitálu.

Saved in:
Bibliographic Details
Format: Book Chapter
Language:Czech
Subjects:
Tags: Add Tag
No Tags, Be the first to tag this record!

MARC

LEADER 00000naa a2200000 4500
001 r032257
005 20230920094938.4
041 0 |a cze 
044 |a CZ 
245 1 0 |a Cestovní ruch ve světové ekonomice 
520 |a Postavenie cestovného ruchu vo svetovej ekonomike v roku 1998. Podiel cestovného ruchu na hrubom domácom produkte a celkovej zamestnanosti. Podiel cestovného ruchu na hrubej tvorbe kapitálu. 
610 2 0 |a ruch cestovný zahraničný 
610 2 0 |a hospodárstvo svetové 
610 2 0 |a rozvoj hospodársky 
610 2 0 |a produkt domáci hrubý 
610 2 0 |a zamestnanosť